000
00347 a2200169 4500
001
185698
020
_a
978-85-322-7602-5
040
_c
Magnum
100
_a
Coelho, Ronaldo Simões
240
1
0
_a
Macaquinho
_l
por
245
1
0
_a
Macaquinho
300
_a
21
362
0
_a
2011
440
1
_a
FTD
697
_a
LITERATURA INFANTIL
942
_c
BK
999
_c
185698
_d
185698